00521cam a22001577a 4500008004000000020001500040082001500055245011300070260003000183300001000213650004000223650003800263650002400301700001500325700002300340180718b2003 xxu||||| |||| 00| 0 eng d a8185040680 aT39x5 R211 aPromotion of trade and investment in Eastern South Asia subregioncedited by Jayanta Kumar Ray and Prabir De aNew DelhibBookwellc2003 a284p. aAdministrative reforms - South Asia aInvestments, Foreign - South Asia aInternational trade aDe, Prabir aRay, Jayanta Kumar